000 00638nam a22002177a 4500
005 20170124105916.0
010 _a787304
020 _c00.00
_a0600317447
035 _a787304
037 _bCen Lib/Ret
040 _aDPL
_bEN
082 _a483
_bPRI
100 _aPriestley, Harold E.
_9106612
245 _aThe hamlyn all-colour dictionary /
_cby Harold E. Priestley
260 _aLondon
_bHamlyn
_c1975
270 _bLondon
300 _a396p.:
_c26cm(Hb)
_bill. col.
650 _aEnglish language
_vDictionaries
_9106613
650 _aEnglish language-usage
_vDictionaries
_9106614
942 _2ddc
_cEN
_h483
_mPRI
999 _c122839
_d122839